[Event "It (open)"]
[Site "masterchessopen.com - Oberwart (Austria)"]
[Round "6"]
[White "Wohlmann Erich (AUT)"]
[Black "Nickel Arno (GER)"]
[Result "1-0"]
[WhiteElo "2235"]
[BlackElo "2128"]

1.d4 Nf6 2.c4 c5 3.d5 e6 4.Nc3 exd5 5.cxd5 d6 6.e4 g6 7.Nf3 Bg7 8.Be2 O-O
9.O-O Re8 10.Nd2 Na6 11.f3 Rb8 12.a4 Nb4 13.Nc4 a6 14.a5 b5 15.axb6 Bf8 16.Na2
Nd7 17.Nxb4 cxb4 18.Be3 Nxb6 19.Nxb6 Rxb6 20.Qd4 Rb8 21.Bxa6 Bg7 22.Qd2 Qf6
23.Rfb1 Bd7 24.Bd3 Qe5 25.Ra6 f5 26.Kh1 fxe4 27.Bxe4 Qe7 28.Ra7 Red8 29.Rc1
Be5 30.Bg5 Bf6 31.Bf4 Qf8 32.Bh6 Qe8 33.Rcc7 Ra8 34.Bg5 Rxa7 35.Rxa7 Bxg5
36.Qxg5 Ra8 37.Rxa8 Qxa8 38.h4 Qf8 39.h5 Be8 40.hxg6 hxg6 41.f4 Qg7 42.Kh2
Qh8+ 43.Kg3 Qxb2 44.Qd8 Qc3+ 45.Kg4 Kf7 46.Qxd6 Ba4 47.Qxg6+ Kf8 48.Qd6+ Kf7
49.Qg6+ Kf8 50.Qh6+ Ke8 51.Qe6+ Kf8 52.Qf5+ Ke7 53.Qe5+ Qxe5 54.fxe5 Bd1+
55.Kf4 b3 56.d6+ Ke6 57.Bf5+ {#r} 1-0

[Event "Ch Baden"]
[Site "masterchessopen.com - Oberwinden (Germany)"]
[Date "2007.04.08"]
[Round "4"]
[White "Nabavi Parwis (SUI)"]
[Black "Rauch Uwe (GER)"]
[Result "0-1"]
[WhiteElo "2166"]
[BlackElo "2201"]

1.d4 Nf6 2.c4 g6 3.Nc3 Bg7 4.e4 d6 5.Nf3 O-O 6.Be2 c5 7.d5 e6 8.O-O exd5
9.cxd5 Re8 10.Nd2 Na6 11.f3 Nc7 12.a4 Nd7 13.Nc4 Ne5 14.Ne3 f6 15.Bd2 b6
16.Re1 Rb8 17.Kh1 a6 18.Rb1 Re7 19.b4 Ne8 20.bxc5 dxc5 21.f4 Nf7 22.Bd3 Ned6
23.Qf3 Qe8 24.Qf1 Bd7 25.Bxa6 Bxa4 26.Bd3 Bd7 27.Qf3 b5 28.Rb2 c4 29.Bc2 b4
30.Reb1 b3 31.Bd1 Nxe4 32.Nxc4 Nxd2 33.Nxd2 Bf5 34.Bxb3 Bxb1 35.Rxb1 f5 36.h3
Re3 37.Ba4 Rxb1+ 38.Ndxb1 Rxf3 39.Bxe8 Rxc3 40.Nxc3 Bxc3 41.Kg1 Be1 42.Kh2 Kf8
43.Ba4 Ke7 44.g4 Nh6 45.gxf5 Nxf5 46.Bb3 Kd6 47.Kg2 Bd2 {#R} 0-1

[Event "It"]
[Site "masterchessopen.com - Oslo (Norway)"]
[Round "0"]
[White "Niklasson Christer (SWE)"]
[Black "Poulsson Eivind (NOR)"]
[Result "0-1"]
[WhiteElo "2350"]
[BlackElo "2340"]

1.d4 Nf6 2.c4 c5 3.d5 e6 4.Nc3 exd5 5.cxd5 d6 6.Nf3 g6 7.e4 Bg7 8.Be2 O-O
9.O-O Re8 10.Nd2 Na6 11.f3 Nc7 12.a4 b6 13.Nc4 Ba6 14.Bg5 h6 15.Be3 Rb8 16.Qd2
Kh7 17.b3 Qe7 18.Rae1 Nd7 19.f4 Bxc3 20.Qxc3 Nf6 21.Bf3 Nxe4 22.Bxe4 Qxe4
23.Bxc5 Qxd5 24.Ba3 Bb7 25.Qc2 Qd4+ 26.Kh1 Nd5 27.Rxe8 Rxe8 28.Bb2 Nb4 29.Qc1
Qd5 30.Rg1 Nd3 31.Qd2 Nxf4 32.Qxd5 Bxd5 33.Nxd6 Re2 {#R} 0-1

[Event "Ch Canada"]
[Site "masterchessopen.com - Ottawa (Canada)"]
[Round "5"]
[White "Baragar Fletcher (CAN)"]
[Black "Findlay Ian T (CAN)"]
[Result "0-1"]
[WhiteElo "2280"]
[BlackElo "2305"]

1.d4 Nf6 2.c4 c5 3.d5 e6 4.Nc3 exd5 5.cxd5 d6 6.e4 g6 7.Nf3 Bg7 8.Be2 O-O
9.O-O Re8 10.Nd2 Na6 11.f3 Nc7 12.a4 b6 13.Nc4 Ba6 14.Bg5 Qd7 15.Ra3 Rab8
16.Rb3 h6 17.Bd2 Kh7 18.Kh1 Re7 19.g4 Nfe8 20.Re1 b5 21.axb5 Nxb5 22.Qa1 Qc8
23.Na5 Bxc3 24.bxc3 Rb6 25.Nc4 Rb8 26.Reb1 f5 27.Na5 fxe4 28.Nc6 exf3 29.Nxe7
Qxg4 30.Bf1 Nbc7 31.Qxa6 Nxa6 32.Rxb8 Nxb8 33.Rxb8 Qe4 34.Rb1 Qxb1 35.Kg1 Qe4
36.Nc6 Qxd5 {#R} 0-1

[Event "It (open)"]
[Site "masterchessopen.com - Padova (Italy)"]
[Round "4"]
[White "Pircher Karl (ITA)"]
[Black "Bracaglia Carlo (ITA)"]
[Result "0-1"]
[WhiteElo "2041"]
[BlackElo "2134"]

1.d4 Nf6 2.c4 c5 3.d5 e6 4.Nc3 exd5 5.cxd5 d6 6.e4 g6 7.Nf3 Bg7 8.Be2 O-O
9.O-O Re8 10.Nd2 Na6 11.f3 Nc7 12.a4 b6 13.Nc4 Ba6 14.Bf4 Bxc4 15.Bxc4 Nh5
16.Be3 Be5 17.Qe1 Qf6 18.g3 a6 19.Rd1 b5 20.axb5 axb5 21.Nxb5 Nxb5 22.Bxb5
Reb8 23.Bc6 Ra2 24.Rd2 Raxb2 25.Rxb2 Rxb2 26.Rf2 Rb3 27.Kg2 Bd4 28.Bxd4 Qxd4
29.Qc1 Kg7 30.Qd2 Qe5 31.Qa2 Rb4 32.Qa3 Nf6 33.Ra2 h5 34.h4 Qd4 35.Qc1 Rb3
36.Rc2 Qd3 37.Rf2 Nxe4 38.fxe4 Qxg3+ 39.Kf1 Qd3+ 40.Kg1 Rb1 {#R} 0-1

[Event "It (open)"]
[Site "masterchessopen.com - Paris (France)"]
[Round "6"]
[White "Barbat Thomas (FRA)"]
[Black "Montheard Xavier (FRA)"]
[Result "0-1"]
[WhiteElo "2134"]
[BlackElo "2241"]

1.d4 Nf6 2.c4 c5 3.d5 e6 4.Nc3 exd5 5.cxd5 d6 6.e4 g6 7.Be2 Bg7 8.Nf3 O-O
9.O-O Re8 10.Nd2 Na6 11.f3 Nc7 12.a4 b6 13.Re1 Rb8 14.Ra3 Nh5 15.Nf1 a6 16.g4
Nf6 17.Rb3 Qd7 18.g5 Nh5 19.f4 Bd4+ 20.Kg2 Qh3+ 21.Kh1 Bf2 22.Nb5 Qh4 23.Nxd6
Bxe1 24.Nxe8 Nxe8 25.d6 Nxf4 26.Bxf4 Qxf4 27.Qxe1 Qxe4+ {#R} 0-1

[Event "It (open)"]
[Site "masterchessopen.com - Pilsen-Lobzy (Czech Republic)"]
[Round "1"]
[White "Beneteau Hubert (FRA)"]
[Black "Simacek Pavel (CZE)"]
[Result "0-1"]
[WhiteElo "2101"]
[BlackElo "2424"]

1.d4 Nf6 2.c4 c5 3.d5 e6 4.Nc3 exd5 5.cxd5 d6 6.e4 g6 7.Nf3 Bg7 8.Be2 O-O
9.Nd2 Re8 10.O-O Na6 11.f3 Nc7 12.a4 b6 13.Bb5 Nxb5 14.axb5 Nh5 15.g4 Bd4+
16.Kh1 Ng7 17.Nc4 f5 18.Bf4 fxg4 19.Bxd6 Bd7 20.Na3 Qf6 21.Bc7 Bxc3 22.bxc3
Qxc3 23.e5 Bf5 24.Qe1 Qd3 25.Qd1 gxf3 26.Qxd3 Bxd3 27.Rf2 Rec8 {#R} 0-1

[Event "Ch Poland"]
[Site "masterchessopen.com - Piotrkow Trybunalski (Poland)"]
[Round "14"]
[White "Balcerowski Witold (POL)"]
[Black "Filipowicz Andrzej (POL)"]
[Result "0-1"]
[WhiteElo "2184"]
[BlackElo "2330"]

1.d4 Nf6 2.c4 c5 3.d5 e6 4.Nc3 exd5 5.cxd5 d6 6.e4 g6 7.Nf3 Bg7 8.Be2 O-O
9.O-O Re8 10.Nd2 Na6 11.f3 Nc7 12.a4 b6 13.Kh1 Rb8 14.Nb5 a6 15.Na7 Qd7
16.Nxc8 Rexc8 17.f4 Re8 18.Bf3 b5 19.axb5 axb5 20.g4 h6 21.h3 c4 22.Bg2 Ra8
23.Rxa8 Nxa8 24.Qf3 Nb6 25.Qa3 Na4 26.b3 cxb3 27.Qxb3 Nc5 28.Qc2 Rc8 29.Qd1 h5
30.g5 Nfxe4 31.Nxe4 Nxe4 32.Qf3 Rc4 33.h4 Qg4 34.Qxg4 hxg4 35.Kh2 b4 36.Re1
Nc5 37.Re8+ Kh7 38.Be3 Bd4 39.Bxd4 Rxd4 40.Kg3 Rd2 41.Re1 Rd4 42.Re8 b3 43.Rb8
Rd2 44.Bf1 b2 45.Bc4 Ne4+ 46.Kxg4 Nc3 47.Bd3 Rxd3 48.Rxb2 Nxd5 {#R} 0-1

[Event "It"]
[Site "masterchessopen.com - Polanica Zdroj (Poland)"]
[Round "0"]
[White "Furman Semen (RUS)"]
[Black "Filipowicz Andrzej (POL)"]
[Result "1-0"]
[WhiteElo "2550"]
[BlackElo "2330"]

1.d4 Nf6 2.c4 c5 3.d5 g6 4.Nc3 Bg7 5.e4 d6 6.Be2 O-O 7.Nf3 e6 8.O-O exd5
9.cxd5 Re8 10.Nd2 Na6 11.f3 Rb8 12.a4 Nb4 13.Nc4 a6 14.a5 Nh5 15.g4 Nf6 16.Bf4
Bf8 17.Qd2 Bxg4 18.fxg4 Nxe4 19.Qd1 Bg7 20.Bf3 Bxc3 21.bxc3 Nxc3 22.Qd2 Ne4
23.Qg2 Qf6 24.Bxe4 Qd4+ 25.Qf2 Rxe4 26.Qxd4 Rxd4 27.Nxd6 Nxd5 28.Bg3 Ne3
29.Rf3 Rd3 30.Re1 {#r} 1-0

[Event "It"]
[Site "masterchessopen.com - Polanica Zdroj (Poland)"]
[Round "2"]
[White "Balcerowski Witold (POL)"]
[Black "Adorjan Andras (HUN)"]
[Result "0-1"]
[WhiteElo "2184"]
[BlackElo "2504"]

1.d4 Nf6 2.c4 c5 3.d5 e6 4.Nc3 exd5 5.cxd5 d6 6.e4 g6 7.Nf3 Bg7 8.Be2 O-O
9.O-O Re8 10.Nd2 Na6 11.f3 Nc7 12.a4 Nd7 13.Nb5 Nxb5 14.Bxb5 a6 15.Be2 Rb8
16.a5 f5 17.Nc4 Ne5 18.Nb6 fxe4 19.fxe4 Bd7 20.Nxd7 Qxd7 21.Bf4 Qe7 22.Ra3 Kh8
23.Rb3 Nf7 24.Bf3 Ng5 25.Kh1 Rf8 26.Bxg5 Qxg5 27.g3 Rf7 28.Bg2 Rbf8 29.Rxf7
Rxf7 30.h4 Qd8 31.Qg4 Be5 32.Rb6 Kg7 33.h5 Qf6 34.Rb3 Qf2 35.hxg6 hxg6 36.Rf3
Rxf3 37.Bxf3 Bxg3 38.Qd7+ Kh6 39.Qh3+ Bh4 40.b3 Qe1+ 41.Kh2 Qd2+ 42.Kg1 Qf4
43.Qg4 Qe3+ 44.Kg2 Qf2+ 45.Kh1 Be7 46.Qh3+ Kg7 47.Qg4 Qf1+ 48.Kh2 Bf6 49.Qd7+
Kh8 50.Qh3+ Qxh3+ 51.Kxh3 Bc3 52.Bg4 Bxa5 53.Bc8 Bc3 54.Bxb7 a5 55.Ba6 Kg7
56.Kg3 Kf6 57.Kf3 Ke5 58.Ke3 Bd4+ 59.Kf3 Bb2 60.Bd3 Bc1 61.Bc2 g5 62.Kg4 Bf4
63.Kf3 {#R} 0-1

[Event "Ch Portugal"]
[Site "masterchessopen.com - Portugal"]
[Round "0"]
[White "Santos Antonio P (POR)"]
[Black "Neto Horacio (POR)"]
[Result "0-1"]
[WhiteElo "2336"]
[BlackElo "2157"]

1.d4 Nf6 2.c4 e6 3.Nf3 c5 4.d5 exd5 5.cxd5 d6 6.Nc3 g6 7.e4 Bg7 8.Be2 O-O
9.O-O Re8 10.Nd2 Na6 11.f3 Nc7 12.a4 b6 13.Nc4 Ba6 14.Re1 Rb8 15.Rb1 Bxc4
16.Bxc4 a6 17.Bf1 b5 18.axb5 Nxb5 19.Be3 Nd7 20.Qa4 Qb6 21.Bf2 Ne5 22.Be2 f5
23.exf5 gxf5 24.f4 Ng6 25.Bxb5 Rxe1+ 26.Rxe1 axb5 27.Qc2 Rf8 28.Ne2 Qd8 29.g3
Qf6 30.b3 Qb2 31.Qd3 b4 32.Kf1 Qf6 33.Ng1 Qc3 34.Rd1 Qxd3+ 35.Rxd3 Ra8 36.Nf3
Ra1+ 37.Kg2 Rb1 38.Nd2 Rd1 39.Kf3 Bc3 40.Be3 Ne7 41.Ke2 Rh1 42.Nf3 Rb1 43.Nd2
Bxd2 44.Bxd2 Kf7 45.Kf3 h5 46.Be3 Ng8 {#R} 0-1

[Event "Zt"]
[Site "masterchessopen.com - Praia da Rocha (Italy)"]
[Round "14"]
[White "Durao Joaquim (POR)"]
[Black "Schumacher Helmut (BEL)"]
[Result "1-0"]
[WhiteElo "1914"]
[BlackElo "2041"]

1.d4 Nf6 2.c4 c5 3.d5 d6 4.Nc3 g6 5.e4 Bg7 6.Nf3 O-O 7.Be2 e6 8.O-O exd5
9.cxd5 Re8 10.Nd2 Na6 11.f3 Nc7 12.a4 Nd7 13.Nc4 Ne5 14.Ne3 f5 15.f4 Nf7
16.exf5 gxf5 17.Bd3 Qf6 18.Kh1 Nh6 19.Qc2 Bd7 20.Bd2 Re7 21.Rf3 Rae8 22.Raf1
a6 23.Ncd1 b5 24.Rg3 c4 25.Be2 Kh8 26.b3 Qd4 27.bxc4 bxa4 28.Bc3 Qc5 29.Rxg7
Rxg7 30.Qb2 Re7 31.Bd4 Qa5 32.Bb6 a3 33.Qxg7+ Kxg7 34.Bxa5 a2 35.Bc3+ Kf8
36.Bd3 Ba4 37.Bd4 a5 38.Nc3 Bb3 39.c5 Ne8 40.cxd6 Nxd6 41.h3 {#r} 1-0

[Event "Zt"]
[Site "masterchessopen.com - Quito (Ecuador)"]
[Round "0"]
[White "Pena Gustavo (DOM)"]
[Black "Idrovo Franklin (ECU)"]
[Result "0-1"]
[WhiteElo "2003"]
[BlackElo "2225"]

1.d4 Nf6 2.c4 c5 3.d5 e6 4.Nc3 exd5 5.cxd5 d6 6.e4 g6 7.Be2 Bg7 8.Nf3 O-O
9.O-O Re8 10.Nd2 Na6 11.f3 Nc7 12.a4 b6 13.Nc4 Nh5 14.f4 Ba6 15.Nd2 Bd4+
16.Kh1 Qh4 17.Qe1 Qxe1 18.Rxe1 Nxf4 19.Bxa6 Nxa6 20.Rf1 Nd3 21.Rf3 Nf2+ 22.Kg1
Nxe4+ 23.Kf1 Ng5 24.Rg3 Nb4 25.Nb3 Nc2 26.Bxg5 Nxa1 27.Nxa1 Re5 28.Bd2 Rae8
29.Nb3 Bxc3 30.Bxc3 Rxd5 31.Nd2 Rf5+ 32.Rf3 Rxf3+ 33.Nxf3 Re4 34.a5 b5 35.Kf2
b4 36.Be1 f6 37.Nd2 Re6 38.Kf1 Kf7 39.Bg3 Ke7 40.Kf2 Kd7 41.Kf3 Kc6 42.Bf2 f5
43.b3 d5 44.Nf1 g5 45.h3 f4 46.g3 fxg3 47.Bxg3 c4 48.Bf2 c3 49.Ne3 Rf6+ 50.Ke2
d4 51.Ng4 Rf4 52.Ne5+ Kd5 53.Nd3 Rf5 54.Nxb4+ Ke4 55.a6 Rb5 56.Nd3 Ra5 57.Nb4
d3+ {#R} 0-1

[Event "Zt"]
[Site "masterchessopen.com - Raach (Germany)"]
[Round "13"]
[White "Jansson Borje (SWE)"]
[Black "Hartoch Robert G (NED)"]
[Result "0-1"]
[WhiteElo "2334"]
[BlackElo "2198"]

1.d4 Nf6 2.c4 c5 3.d5 d6 4.Nc3 g6 5.e4 Bg7 6.Nf3 O-O 7.Be2 e6 8.O-O exd5
9.cxd5 Re8 10.Nd2 Na6 11.f3 Nc7 12.a4 b6 13.Nc4 Ba6 14.Bg5 h6 15.Bh4 Qd7
16.Qd2 Kh7 17.Rad1 Bxc4 18.Bxc4 a6 19.Bb3 b5 20.Bc2 Rab8 21.axb5 Nxb5 22.Nxb5
axb5 23.Ra1 Ra8 24.Bf2 Qb7 25.Qf4 Rxa1 26.Rxa1 Ra8 27.Rb1 Ne8 28.h4 h5 29.Be3
Qe7 30.g4 Nf6 31.Kg2 Re8 32.Bd2 Kg8 33.Ra1 Nxd5 34.exd5 Qe2+ 35.Kg1 Be5 36.Qg5
Bh2+ 37.Kh1 Qxf3+ {#R} 0-1

[Event "It (open)"]
[Site "masterchessopen.com - Recklinghausen (Germany)"]
[Round "5"]
[White "Servaty Rudolf (GER)"]
[Black "Wagner Ralf (GER)"]
[Result "1-0"]
[WhiteElo "2260"]
[BlackElo "2089"]

1.d4 Nf6 2.c4 c5 3.d5 e6 4.Nc3 exd5 5.cxd5 d6 6.e4 g6 7.Nf3 Bg7 8.Be2 O-O
9.O-O Na6 10.Nd2 Re8 11.f3 Bd7 12.Nc4 Qc7 13.a4 Nb4 14.Bf4 Bf8 15.Qd2 a6 16.a5
Rab8 17.Nb6 Bg7 18.Bc4 Nh5 19.Bh6 Bd4+ 20.Kh1 Qd8 21.Bg5 f6 22.Bh4 g5 23.Bf2
Be5 24.Nxd7 Qxd7 25.Na4 Qg7 26.g3 f5 27.exf5 Qh6 28.Kg2 Kh8 29.Rae1 Qf6 30.g4
Nf4+ 31.Kh1 h5 32.Nc3 hxg4 33.fxg4 Kg7 34.Bg3 Rh8 35.Ne4 Qh6 36.Nxg5 Qxg5
37.Bxf4 Bxf4 38.Qxf4 Qxf4 39.Rxf4 Kf6 40.Re6+ Kg5 41.Rfe4 Rhg8 42.Kg2 Rg7
43.Kg3 Rh8 44.Rxd6 {#r} 1-0

[Event "It (open)"]
[Site "masterchessopen.com - Rennes (France)"]
[Date "2008.07.28"]
[Round "1"]
[White "Seifried Johannes (GER)"]
[Black "Theon Pierre (FRA)"]
[Result "0-1"]
[WhiteElo "1877"]
[BlackElo "2178"]

1.d4 c5 2.d5 Nf6 3.c4 g6 4.Nc3 Bg7 5.Nf3 O-O 6.e4 d6 7.Be2 e6 8.O-O exd5
9.cxd5 Re8 10.Nd2 Na6 11.f3 Rb8 12.Nb5 Nc7 13.a4 a6 14.Nxc7 Qxc7 15.a5 Bd7
16.Re1 Nh5 17.Nc4 f5 18.exf5 Bd4+ 19.Kh1 Bb5 20.Qc2 Qe7 21.Bh6 Qh4 22.g4 Ng3+
23.Kg2 Nxe2 24.Rxe2 Qxh6 25.Rae1 Rxe2+ {#R} 0-1

[Event "It (open)"]
[Site "masterchessopen.com - San Juan de Arucas (Spain)"]
[Date "2011.06.14"]
[Round "2"]
[White "Lopez Colon Francisco (ESP)"]
[Black "Cruz Pino Adrian (ESP)"]
[Result "0-1"]
[WhiteElo "2061"]
[BlackElo "1960"]

1.d4 Nf6 2.c4 e6 3.Nc3 c5 4.d5 exd5 5.cxd5 g6 6.e4 d6 7.Nf3 Bg7 8.Be2 O-O
9.O-O Re8 10.Nd2 Na6 11.f3 Nc7 12.a4 b6 13.Bb5 Nxb5 14.axb5 Nd7 15.f4 Bd4+
16.Kh1 Nf6 17.Qc2 Qe7 18.Ra4 Bd7 19.Qb3 Ng4 20.Nf3 Nf2+ 21.Kg1 Bxc3 22.Rxf2
Bb4 23.e5 Bxb5 24.Rxb4 cxb4 25.Qxb4 a6 26.Qd4 dxe5 27.fxe5 Qc5 28.Be3 Qxd4
29.Bxd4 Bc4 30.d6 Rab8 31.Rc2 Bd5 32.Rc7 Red8 33.Ra7 a5 34.Bc3 h6 35.Nd4 Rb7
36.Rxb7 Bxb7 37.Nb5 Bc6 38.Na7 Bd7 39.Bd4 Rb8 {#R} 0-1

[Event "Ch Chile"]
[Site "masterchessopen.com - Santiago (Chile)"]
[Round "6"]
[White "Caceres Sergio (CHI)"]
[Black "Arancibia Eduardo (CHI)"]
[Result "0-1"]
[WhiteElo "2225"]
[BlackElo "2382"]

1.d4 Nf6 2.c4 e6 3.Nf3 c5 4.d5 exd5 5.cxd5 d6 6.Nc3 g6 7.e4 Bg7 8.Be2 O-O
9.O-O Re8 10.Nd2 Na6 11.f3 Nc7 12.a4 b6 13.Nc4 Ba6 14.Bf4 Bxc4 15.Bxc4 a6
16.Re1 Nh5 17.Be3 f5 18.exf5 Rxe3 19.Rxe3 Bd4 20.Qd2 gxf5 21.Kf1 Bxe3 22.Qxe3
Qh4 23.Bd3 Qxh2 24.Ne2 Qh1+ 25.Qg1 Qh4 26.Bxf5 Re8 27.Be4 Nf6 28.Nc3 Nxe4
29.Nxe4 Nxd5 30.Rd1 Rxe4 31.fxe4 Qf4+ 32.Ke2 Qxe4+ 33.Kd2 Qf4+ 34.Ke2 Qe5+
35.Kf3 Qf5+ 36.Ke2 Qc2+ 37.Kf3 Qb3+ 38.Ke4 Nf6+ 39.Kf5 Kf7 40.Rxd6 Qc2+ 41.Kf4
Qxa4+ {#R} 0-1

[Event "Ch City"]
[Site "masterchessopen.com - Saratov (Russia)"]
[Date "2012.02.24"]
[Round "1"]
[White "Protopopova Anastasiya (RUS)"]
[Black "Eramian Gamlet (RUS)"]
[Result "0-1"]
[WhiteElo "1772"]
[BlackElo "2072"]

1.d4 g6 2.c4 c5 3.d5 Bg7 4.Nc3 d6 5.Nf3 e6 6.e4 exd5 7.cxd5 Nf6 8.Be2 O-O
9.O-O Re8 10.Nd2 Na6 11.f3 Nc7 12.a4 b6 13.Nc4 Ba6 14.Bf4 Bxc4 15.Bxc4 a6
16.Rb1 Qd7 17.b4 b5 18.axb5 axb5 19.Be2 c4 20.Qc2 Ra3 21.Bc1 Rxc3 22.Qxc3 Nxe4
23.Qe1 Nc3 24.Rb2 Bd4+ 25.Kh1 Qe7 26.Bf4 N7xd5 {#R} 0-1

[Event "Ch Croatia (team)"]
[Site "masterchessopen.com - Sibenik (Croatia)"]
[Date "2009.09.28"]
[Round "8"]
[White "Gyimesi Zoltan (HUN)"]
[Black "Cvitan Ognjen (CRO)"]
[Result "1-0"]
[WhiteElo "2591"]
[BlackElo "2521"]

1.d4 Nf6 2.c4 e6 3.Nf3 c5 4.d5 d6 5.Nc3 exd5 6.cxd5 g6 7.Nd2 Bg7 8.e4 O-O
9.Be2 Re8 10.O-O Na6 11.f3 Nc7 12.a4 b6 13.Nc4 Ba6 14.Rb1 Bxc4 15.Bxc4 a6
16.b4 Nd7 17.bxc5 bxc5 18.Qc2 Qf6 19.Ne2 Ne5 20.Rb7 Qd8 21.Bd2 a5 22.Rfb1 Nxc4
23.Qxc4 Na6 24.R1b6 Nb4 25.Qb5 Qf6 26.h3 h5 27.Bc3 Qg5 28.Qd7 Qe3+ 29.Kh2 Rf8
30.Bxg7 Rad8 31.Bxf8 Rxd7 32.Rxd7 {#r} 1-0

[Event "Olympiad"]
[Site "masterchessopen.com - Siegen (Germany)"]
[Round "1"]
[White "Durao Joaquim (POR)"]
[Black "Pritchett Craig W (SCO)"]
[Result "0-1"]
[WhiteElo "1914"]
[BlackElo "2343"]

1.d4 Nf6 2.c4 c5 3.d5 e6 4.Nc3 exd5 5.cxd5 d6 6.e4 g6 7.Nf3 Bg7 8.Be2 O-O
9.O-O Re8 10.Nd2 Na6 11.f3 Nc7 12.a4 Nd7 13.Nc4 Ne5 14.Ne3 f5 15.f4 Nf7
16.exf5 gxf5 17.Rf3 Bd7 18.Bd2 a6 19.Qc2 Bd4 20.Kh1 Qf6 21.Bd3 Nh6 22.Rg3+ Kh8
23.Ne2 Rxe3 24.Nxd4 Rxg3 25.hxg3 cxd4 26.Qxc7 Ng4 27.Qxd7 Qh6+ 28.Kg1 Qh2+
29.Kf1 Qxg3 30.Ke2 Qxg2+ 31.Kd1 Ne3+ 32.Ke1 Qg1+ 33.Ke2 Qh2+ {#R} 0-1

[Event "Olympiad"]
[Site "masterchessopen.com - Siegen (Germany)"]
[Round "2"]
[White "Holm Sejer (DEN)"]
[Black "De Castro Edgar (PHI)"]
[Result "1-0"]
[WhiteElo "2222"]
[BlackElo "2385"]

1.d4 Nf6 2.c4 c5 3.d5 e6 4.Nc3 exd5 5.cxd5 g6 6.e4 d6 7.Be2 Bg7 8.Nf3 O-O
9.Nd2 Re8 10.O-O Na6 11.f3 Nc7 12.a4 Nh5 13.f4 Bd4+ 14.Kh1 Nf6 15.Bf3 h5 16.f5
Kg7 17.Ne2 Be3 18.Ra3 Bh6 19.fxg6 fxg6 20.Nc4 g5 21.Ng3 h4 22.Nh5+ Nxh5
23.Bxh5 Rxe4 24.Qd3 Qe7 25.Nxd6 Qxd6 26.Qxe4 Kg8 27.Raf3 {#r} 1-0

[Event "Olympiad"]
[Site "masterchessopen.com - Siegen (Germany)"]
[Round "7"]
[White "Najdorf Miguel (POL)"]
[Black "Levy David N L (SCO)"]
[Result "1-0"]
[WhiteElo "2445"]
[BlackElo "2310"]

1.d4 Nf6 2.c4 c5 3.d5 e6 4.Nc3 exd5 5.cxd5 d6 6.e4 g6 7.Be2 Bg7 8.Nf3 O-O
9.O-O Re8 10.Nd2 Na6 11.f3 Nc7 12.a4 Nd7 13.Kh1 Kh8 14.f4 f5 15.Nf3 Qf6 16.e5
dxe5 17.fxe5 Nxe5 18.Nxe5 Qxe5 19.Bf4 Qe7 20.d6 Qe6 21.dxc7 Bxc3 22.Bb5 Bxb2
23.Bxe8 Qxe8 24.Re1 Qd7 25.Re7 Qxd1+ 26.Rxd1 {#r} 1-0

[Event "Olympiad"]
[Site "masterchessopen.com - Siegen (Germany)"]
[Round "14"]
[White "Vranesic Zvonko (CAN)"]
[Black "Ungureanu Emil (ROM)"]
[Result "1-0"]
[WhiteElo "2320"]
[BlackElo "2188"]

1.d4 Nf6 2.c4 c5 3.d5 e6 4.Nc3 exd5 5.cxd5 d6 6.e4 g6 7.Nf3 Bg7 8.Be2 O-O
9.O-O Re8 10.Nd2 Na6 11.f3 Nc7 12.a4 b6 13.a5 Rb8 14.axb6 axb6 15.Nb5 Nxb5
16.Bxb5 Bd7 17.Qb3 Nh5 18.Nc4 Bd4+ 19.Be3 Bxb5 20.Qxb5 Nf4 21.Kh1 Bxe3 22.Nxe3
Re7 23.g3 Nh5 24.Nc4 f5 25.e5 dxe5 26.d6 Re6 27.Ra7 Nf6 28.Rd1 e4 29.f4 e3
30.Ne5 Ra8 31.Rb7 Rb8 32.Rxb8 Qxb8 33.Qc4 Qe8 34.Kg1 Nd7 35.Kf1 Kg7 36.Ke2 g5
37.Qb5 Rxe5 38.fxe5 Qh5+ 39.Kxe3 Nxe5 40.Qe2 Nc4+ 41.Kd3 Qf7 42.Kc2 {#r} 1-0

[Event "Olympiad"]
[Site "masterchessopen.com - Skopje (Macedonia)"]
[Round "12"]
[White "Kanko Ilkka (FIN)"]
[Black "Shaw Terrey I (AUS)"]
[Result "0-1"]
[WhiteElo "2231"]
[BlackElo "2390"]

1.d4 Nf6 2.c4 c5 3.d5 e6 4.Nc3 exd5 5.cxd5 d6 6.Nf3 g6 7.e4 Bg7 8.Be2 O-O
9.O-O Re8 10.Nd2 Na6 11.f3 Nc7 12.a4 b6 13.Nc4 Ba6 14.Bg5 Qd7 15.Rb1 h6 16.Bh4
Bxc4 17.Bxc4 Rab8 18.b4 Ng4 19.Qb3 Bd4+ 20.Kh1 Ne3 21.Rfc1 f5 22.bxc5 Bxc5
23.Bd3 g5 24.Bf2 f4 25.Nb5 a5 26.Bxe3 fxe3 27.Qc3 Re5 28.Nd4 Rf8 29.Nc6 Ree8
30.Bc4 Rf4 31.Be2 Qg7 32.Qxg7+ Kxg7 33.g3 Rff8 34.Kg2 g4 35.Rc4 gxf3+ 36.Bxf3
Na6 37.Rbc1 Nb4 38.Nd4 Nd3 39.Rb1 Ne5 40.Rxc5 bxc5 41.Nf5+ Rxf5 42.exf5 Nd3
43.Rb7+ Kf6 44.Be2 Nc1 45.Kf3 Kxf5 46.Rb1 Nxe2 47.Kxe2 Ke4 48.Rb7 Kxd5 49.Rh7
Re6 50.Ra7 Kc4 51.Rxa5 d5 52.Ra8 d4 {#R} 0-1

[Event "Memorial M.Chigorin (open)"]
[Site "masterchessopen.com - St. Petersburg (Russia)"]
[Round "1"]
[White "Smirnov Artem (RUS)"]
[Black "Simantsev Mikhail (UKR)"]
[Result "0-1"]
[WhiteElo "2171"]
[BlackElo "2409"]

1.d4 Nf6 2.c4 c5 3.d5 e6 4.Nc3 exd5 5.cxd5 d6 6.e4 g6 7.Nf3 Bg7 8.Be2 O-O
9.O-O Na6 10.Nd2 Re8 11.f3 Nc7 12.a4 b6 13.Nc4 Ba6 14.Bg5 Qd7 15.Qd2 h6
16.Bxh6 Rab8 17.Bxg7 Kxg7 18.e5 dxe5 19.d6 Bxc4 20.Bxc4 Red8 21.Rad1 Nce8
22.Qe2 Nxd6 23.f4 exf4 24.Rxf4 Qe8 25.Rdf1 Qxe2 26.Bxe2 Nf5 27.h3 Rd4 28.Nb5
Rxf4 29.Rxf4 Re8 30.Bd3 Nd5 31.Rf3 Nd4 32.Nxd4 cxd4 33.Bc4 Rd8 34.Kf2 f5 35.h4
Ne3 36.Bb3 Kf6 37.g3 Ng4+ 38.Ke2 Re8+ 39.Kd2 Re3 40.Rxe3 dxe3+ 41.Kd3 f4
42.gxf4 Kf5 43.Bc4 Kxf4 44.Kd4 Ne5 45.Bb5 g5 {#R} 0-1

[Event "It (open)"]
[Site "masterchessopen.com - St. Veit (Austria)"]
[Date "2008.07.09"]
[Round "5"]
[White "Hafner Robert (AUT)"]
[Black "Leitner Gerald (AUT)"]
[Result "0-1"]
[WhiteElo "2107"]
[BlackElo "2238"]

1.d4 Nf6 2.c4 c5 3.d5 e6 4.Nc3 exd5 5.cxd5 d6 6.e4 g6 7.Nf3 Bg7 8.Be2 O-O
9.O-O Re8 10.Nd2 Na6 11.f3 Nc7 12.a4 b6 13.Nc4 Ba6 14.Bg5 Qd7 15.Qd2 Bxc4
16.Bxc4 a6 17.Be2 b5 18.Rfe1 bxa4 19.Nxa4 Rab8 20.Nc3 Rb6 21.Ra2 Reb8 22.Rea1
Qc8 23.Nd1 Nfe8 24.Qc2 Nb5 25.Bxb5 axb5 26.Qd2 Nc7 27.Bf4 Na6 28.Ra5 Nb4
29.Kh1 Qd8 30.Bg5 Qe8 31.Ra7 R6b7 32.R7a5 Bd4 33.Bf4 Rd8 34.Bg5 f6 35.Be3 Bxe3
36.Nxe3 h5 37.Nc2 Nxc2 38.Qxc2 Qe5 39.Qd2 g5 40.h3 b4 41.Qe2 Re7 42.Ra8 Rxa8
43.Rxa8+ Kg7 44.Qa6 f5 45.Qc8 fxe4 46.fxe4 Kg6 47.Qg8+ Rg7 48.Qd8 Rf7 49.Qg8+
Qg7 50.Qd8 Rf1+ 51.Kh2 Qe5+ {#R} 0-1

[Event "Memorial Marko Jaric-Zujo (active)"]
[Site "masterchessopen.com - Stari Mikanovci (Croatia)"]
[Date "2010.04.16"]
[Round "9"]
[White "Kozul Zdenko (CRO)"]
[Black "Cvitan Ognjen (CRO)"]
[Result "0-1"]
[WhiteElo "2604"]
[BlackElo "2531"]

1.d4 Nf6 2.Nf3 e6 3.c4 c5 4.d5 d6 5.Nc3 exd5 6.cxd5 g6 7.Nd2 Bg7 8.e4 O-O
9.Be2 Re8 10.O-O Na6 11.f3 Nc7 12.a4 b6 13.Nc4 Ba6 14.Bg5 h6 15.Bh4 Qd7 16.Re1
Rab8 17.Bf2 Bxc4 18.Bxc4 a6 19.Bf1 Qd8 20.Rc1 Nd7 21.f4 b5 22.axb5 axb5 23.b4
cxb4 24.Na2 Na6 25.Rc6 Ndc5 26.e5 b3 27.Nc3 dxe5 28.f5 gxf5 29.Ne2 Rc8 30.Ng3
Qg5 31.h4 Qf4 32.Nh5 Qb4 33.Rxc8 Rxc8 34.Nxg7 Kxg7 35.Rxe5 b2 36.Qb1 Ne4
37.Be3 Rc1 38.Bxc1 bxc1=Q {#R} 0-1

[Event "It"]
[Site "masterchessopen.com - Stockholm (Sweden)"]
[Round "0"]
[White "Jansson Borje (SWE)"]
[Black "Malmdin Nils-Ake (SWE)"]
[Result "1-0"]
[WhiteElo "2334"]
[BlackElo "2307"]

1.d4 Nf6 2.c4 e6 3.Nf3 c5 4.d5 exd5 5.cxd5 d6 6.Nc3 g6 7.e4 Bg7 8.Be2 O-O
9.O-O Re8 10.Nd2 Na6 11.f3 Nc7 12.a4 b6 13.Nc4 Ba6 14.Bg5 Bxc4 15.Bxc4 a6
16.Qd3 Qd7 17.Kh1 h6 18.Bd2 Qe7 19.Rae1 Nd7 20.f4 Qf8 21.e5 b5 22.axb5 Nb6
23.bxa6 Nxc4 24.Qxc4 Nxa6 25.Ne4 dxe5 26.f5 gxf5 27.Rxf5 Qe7 28.Ref1 {#r} 1-0